000 00530nam a2200169 4500
005 20251205154722.0
008 251205b |||||||| |||| 00| 0 eng d
020 _a978-93-90619-66-5
041 _aEng
082 _21st ed 2024
_aP 610.7362 SAN
_bB11966
100 _aSanjna Kumari
_9215670
245 _aChild Health Nursing Solved Question Papers for MSc Nursing University Exams 1st & 2nd Year
260 _aNew Delhi
_bCBS Publishers
_c2024
300 _alxiv,244p
_bpb
_c24x17cm
365 _aRupaye
_b495
_cINR
942 _cBK
999 _c369289
_d369289